000
00250nam a2200109Ia 4500
008
220204s9999 xx 000 0 und d
082
_a
82-3
_b
HIG;1
100
_a
Higgins, Jack
245
0
_a
Luciano's luck
260
_a
London
_b
Pan
_c
1981
942
_c
BK
999
_c
38720
_d
38720